000 00608nam a2200229Ia 4500
003 OSt
005 20220926033850.0
006 a|||||r|||| 00| 0
007 ta
008 220923b |||||||| |||| 00| 0 eng d
037 _cGeneral Book
040 _aRTL
_cRTL
_beng
041 _2eng
_aeng
082 _aV275.C, F5
100 _aMonahan F J
245 0 _aEarly history of Bengal
260 _aVaranasi
_bBhartiya Publishing
_c1925
300 _ax, 248p
_ccm.
650 _aHistory of Bihar
_9239357
942 _hV275.C, F5
_cGB
_2CC
999 _c658125
_d658125